000 00592nam a2200205Ia 4500
999 _c6549
_d6549
003 OSt
005 20200121103423.0
008 190216s9999||||xx |||||||||||||| ||und||
020 _a9788180542176
020 _a8180541649
020 _a8180542173
040 _coclc
082 _a658.45
_bPAL/E
100 _aPal, Rajendra
_91316
245 0 _aEssentials Of Business Communication /
_cRajendra Pal ; J S Korlahalli
250 _a10th ed.
260 _bSulthan Chand&Sons,
_c2004.
_aNew Delhi:
300 _a617p
942 _cBK
_2ddc
_h658.45
_iPAL/E
_k658.45
_mPAL/E